Language and imagery in the Old Testament / (Record no. 6409)
[ view plain ]
| 000 -LEADER | |
|---|---|
| fixed length control field | 00736pam a2200205 a 4500 |
| 001 - CONTROL NUMBER | |
| control field | 3562729 |
| 005 - DATE AND TIME OF LATEST TRANSACTION | |
| control field | 20250611092336.0 |
| 008 - FIXED-LENGTH DATA ELEMENTS--GENERAL INFORMATION | |
| fixed length control field | 981028s1998 mau b 001 0 eng |
| 020 ## - INTERNATIONAL STANDARD BOOK NUMBER | |
| International Standard Book Number | 1565630904 |
| 050 00 - LIBRARY OF CONGRESS CALL NUMBER | |
| Classification number | BS537 |
| Item number | .G53 1998 |
| 082 00 - DEWEY DECIMAL CLASSIFICATION NUMBER | |
| Classification number | 221.6/6 |
| Edition information | 21 |
| 100 1# - MAIN ENTRY--PERSONAL NAME | |
| Personal name | Gibson, John C. L. |
| 245 10 - TITLE STATEMENT | |
| Title | Language and imagery in the Old Testament / |
| Statement of responsibility, etc. | J.C.L. Gibson. |
| 260 ## - PUBLICATION, DISTRIBUTION, ETC. | |
| Place of publication, distribution, etc. | Peabody, Mass. : |
| Name of publisher, distributor, etc. | Hendrickson Publishers, |
| Date of publication, distribution, etc. | c1998. |
| 300 ## - PHYSICAL DESCRIPTION | |
| Extent | ix, 166 p. ; |
| Dimensions | 22 cm. |
| 650 #0 - SUBJECT ADDED ENTRY--TOPICAL TERM | |
| Topical term or geographic name entry element | Bible as literature. |
| 856 42 - ELECTRONIC LOCATION AND ACCESS | |
| Materials specified | Publisher description |
| Uniform Resource Identifier | <a href="http://www.loc.gov/catdir/description/hend021/98045906.html">http://www.loc.gov/catdir/description/hend021/98045906.html</a> |
| 856 42 - ELECTRONIC LOCATION AND ACCESS | |
| Materials specified | Contributor biographical information |
| Uniform Resource Identifier | <a href="http://www.loc.gov/catdir/enhancements/fy0706/98045906-b.html">http://www.loc.gov/catdir/enhancements/fy0706/98045906-b.html</a> |
| 942 ## - ADDED ENTRY ELEMENTS (KOHA) | |
| Source of classification or shelving scheme | Library of Congress Classification |
| Koha item type | Books |
| Suppress in OPAC | No |
| 999 ## - | |
| -- | 6409 |
| -- | 6409 |
| Withdrawn status | Lost status | Source of classification or shelving scheme | Damaged status | Not for loan | Collection | Home library | Current library | Shelving location | Date acquired | Total checkouts | Full call number | Barcode | Date last seen | Copy number | Price effective from | Koha item type |
|---|---|---|---|---|---|---|---|---|---|---|---|---|---|---|---|---|
| Library of Congress Classification | Non-fiction | Undergraduate Library (Christ Temple) | Undergraduate Library (Christ Temple) | General stacks | 06/11/2025 | BS537 GIB | ulct00003201 | 06/11/2025 | 1 | 06/02/2025 | Books |